Loading...
Religion | 0 | 4 | 0 | 0 | 40 | 88 | 106.00 | 0 | 1 |
History - Other History | 0 | 3 | 0 | 2 | 30 | 117 | 126.00 | 0 | 1 |
History - American History | 0 | 3 | 1 | 1 | 25 | 98 | 123.33 | 0 | 1 |
Social Science | 0 | 2 | 0 | 0 | 20 | 82 | 109.00 | 0 | 2 |
Literature - European Literature | 0 | 2 | 0 | 1 | 20 | 134 | 134.50 | 0 | 1 |
Science - Other Science | 0 | 2 | 0 | 1 | 20 | 112 | 121.50 | 0 | 0 |
Philosophy | 0 | 2 | 1 | 0 | 15 | 95 | 99.00 | 0 | 1 |
Literature - American Literature | 0 | 1 | 0 | 0 | 10 | 117 | 117.00 | 0 | 1 |
Science - Physics | 0 | 2 | 2 | 1 | 10 | 123 | 123.00 | 0 | 0 |
Literature - World Literature | 0 | 1 | 0 | 0 | 10 | 83 | 83.00 | 0 | 1 |
History - World History | 0 | 1 | 0 | 1 | 10 | 143 | 143.00 | 0 | 0 |
Science - Biology | 0 | 1 | 0 | 0 | 10 | 90 | 90.00 | 0 | 0 |
Fine Arts - Auditory Fine Arts | 0 | 1 | 0 | 1 | 10 | 133 | 133.00 | 0 | 0 |
History - European History | 0 | 1 | 0 | 0 | 10 | 100 | 100.00 | 0 | 0 |
Mythology | 0 | 1 | 1 | 0 | 5 | 131 | 131.00 | 0 | 0 |
Fine Arts - Visual Fine Arts | 0 | 0 | 0 | 0 | 0 | 0.00 | 0 | 0 | |
Literature - British Literature | 0 | 0 | 0 | 0 | 0 | 0.00 | 0 | 0 | |
Fine Arts - Other Fine Arts | 0 | 0 | 1 | 0 | -5 | 0.00 | 0 | 0 |